Social behavior of wood turtles, Clemmys insculpta, in central Pennsylvania (Registro nro. 9505)

Detalles MARC
000 -CABECERA
Campo de control 005950000a22001930004500
090 ## - CLASIFICACIÓN LOCAL
Colección AR
Consecutivo 00408
041 0# - IDIOMA
Código de idioma para texto/pista de sonido o título separado
100 1# - ASIENTO PRINCIPAL--NOMBRE PERSONAL
Nombre personal Kaufmann, John H.
245 10 - MENCION DE TITULO
Título Social behavior of wood turtles, Clemmys insculpta, in central Pennsylvania
650 14 - ASIENTO SECUNDARIO DE MATERIA - TERMINO TEMATICO
Término temático o nombre geográfico como elemento de entrada Herpetología
650 14 - ASIENTO SECUNDARIO DE MATERIA - TERMINO TEMATICO
Término temático o nombre geográfico como elemento de entrada Reptiles
650 14 - ASIENTO SECUNDARIO DE MATERIA - TERMINO TEMATICO
Término temático o nombre geográfico como elemento de entrada Tortugas
650 14 - ASIENTO SECUNDARIO DE MATERIA - TERMINO TEMATICO
Término temático o nombre geográfico como elemento de entrada Sociabilidad
650 14 - ASIENTO SECUNDARIO DE MATERIA - TERMINO TEMATICO
Término temático o nombre geográfico como elemento de entrada Etología
651 #4 - ASIENTO SECUNDARIO DE MATERIA - NOMBRE GEOGRAFICO
-- Pensilvania
-- Estados Unidos
653 ## - TERMINO DE INDIZACION - NO CONTROLADO
-- Emydidae
-- Clemmys
-- Clemmys insculpta
773 1# - Item fuente:
Título Herpetological Monographs
Especificación de materiales 163
Descripción física 6
Paginas del Articulo 1-25
Lugar, editorial y fecha de publicación 1992
942 ## - ELEMENTOS ADICIONALES (KOHA)
Tipo de ítem Artículo
Existencias
Withdrawn status Lost status Damaged status No para préstamo Colección Ubicación Permanente Ubicación actual Fecha de adquisición Fuente de Valor Datos de publicación Seriada Total Checkouts Número topográfico Inventario / Código de Barras Date last seen Ejemplar Price effective from Forma de adquisición Tipo de material
      No para Préstamo Hemeroteca Bogotá Bogotá 27/02/2015 Instituto de Ciencias Naturales Fuera de circulación   AR 00408 010680 25/03/2015 1 25/03/2015   Artículo